LEADER 00628cac0 22001931 450 001 SOBE00050049 005 20151117165444.0 100 $a20151117f0000 |||||ita|0103 ba 102 $aDE 110 $ab 200 1 $aHistoria$eZeitschrift für Alte Geschichte = revue d'histoire ancienne = journal of ancient history = rivista di storia antica$iEinzelschriften 210 $aStuttgart$cSteiner 801 0$aIT$bUNISOB$c20151117$gRICA 912 $aSOBE00050049 940 $aC 121 Collana SBN 941 $aC 996 $aHistoria$9487677 997 $aUNISOB 998 \\$1001SOBE00050048$12001 $aPolitics and belief in Herodotus LEADER 01278nam 2200253 450 001 9910920547303321 005 20250110123441.0 012 $2fei$5IT-NA0852: 100 $a20250110d1762----km-y0itay50------ba 101 0 $ager 102 $aDE 140 $aa-----------------bb0------- 200 1 $a<>Ankerschmieden von Herrn von Reaumur, mit Anmerkungen und Zusätzen von Herrn du Hamel. Aus dem Französischen der Descriptions des arts & metiers der Pariser Academie übersetzt und mit Anmerkungen versehen von Johann Heinrich Gottlob von Justi 210 $aBerlin$cRüdiger$d1762 215 $a84 p.$d4° 700 1$aRéaumur,$bRené Antoine Ferchault de$f<1683-1757>$087215 801 0$aIT$bUNINA$gREICAT$2UNIMARC 856 4 $zVisualizza la versione elettronica in Österreichische Nationalbibliothek$uhttp://digital.onb.ac.at/OnbViewer/viewer.faces?doc=ABO_%2BZ124920701$e20250110 901 $aAQ 912 $a9910920547303321 952 $aM 3$b29477$fNAP14 959 $aNAP14 996 $aAnkerschmieden von Herrn von Reaumur, mit Anmerkungen und Zusätzen von Herrn du Hamel. Aus dem Französischen der Descriptions des arts & metiers der Pariser Academie übersetzt und mit Anmerkungen versehen von Johann Heinrich Gottlob von Justi$94307602 997 $aUNINA